Spirit Built Leadership/ (Record no. 7485)
[ view plain ]
| 000 -LEADER | |
|---|---|
| fixed length control field | 00428nam a22001817a 4500 |
| 003 - CONTROL NUMBER IDENTIFIER | |
| control field | OSt |
| 005 - DATE AND TIME OF LATEST TRANSACTION | |
| control field | 20190212154714.0 |
| 008 - FIXED-LENGTH DATA ELEMENTS--GENERAL INFORMATION | |
| fixed length control field | 190212b ||||| |||| 00| 0 eng d |
| 040 ## - CATALOGING SOURCE | |
| Transcribing agency | DLC |
| 082 ## - DEWEY DECIMAL CLASSIFICATION NUMBER | |
| Classification number | 158.4 |
| Item number | W385s |
| 100 ## - MAIN ENTRY--PERSONAL NAME | |
| Personal name | Webber, Malcolm: |
| 245 ## - TITLE STATEMENT | |
| Title | Spirit Built Leadership/ |
| 250 ## - EDITION STATEMENT | |
| Edition statement | ind. Ed. |
| 260 ## - PUBLICATION, DISTRIBUTION, ETC. | |
| Place of publication, distribution, etc. | Elkhart: |
| Name of publisher, distributor, etc. | Stragegic Press: |
| Date of publication, distribution, etc. | c. |
| 300 ## - PHYSICAL DESCRIPTION | |
| Extent | 100 p.; |
| Dimensions | 26 cm |
| 650 ## - SUBJECT ADDED ENTRY--TOPICAL TERM | |
| Source of heading or term | leadership |
| 942 ## - ADDED ENTRY ELEMENTS (KOHA) | |
| Source of classification or shelving scheme | Dewey Decimal Classification |
| Koha item type | Books |
| Withdrawn status | Lost status | Source of classification or shelving scheme | Damaged status | Not for loan | Collection code | Home library | Current library | Shelving location | Date acquired | Cost, normal purchase price | Serial Enumeration / chronology | Total Checkouts | Full call number | Barcode | Date last seen | Price effective from | Koha item type |
|---|---|---|---|---|---|---|---|---|---|---|---|---|---|---|---|---|---|
| Dewey Decimal Classification | Non-fiction | Harvest Mission College | Harvest Mission College | General Stacks | 12.02.2019 | 250.00 | vol.1 | 158.4 W385s | 008617 | 12.02.2019 | 12.02.2019 | Books | |||||
| Dewey Decimal Classification | Non-fiction | Harvest Mission College | Harvest Mission College | General Stacks | 12.02.2019 | 250.00 | vol.4 | 158.4 W385s | 009020 | 10.03.2019 | 12.02.2019 | Books | |||||
| Dewey Decimal Classification | Non-fiction | Harvest Mission College | Harvest Mission College | General Stacks | 12.02.2019 | 250.00 | vol.3 | 158.4 W385s | 009019 | 10.03.2019 | 12.02.2019 | Books |
